000 00498nam a2200181Ia 4500
005 20250317123157.0
008 008 250317s9999 xx 000 0 eng d
037 _aTextbook
040 _aFMSL
_beng
_cFMSL
041 _aeng
_2eng
084 _aX:8 K9
_qFMSL
100 _aWiest J D
245 0 _aManagement guide to PERT/CPM
260 _aNew Jersey
_bNew Jersey, Prentice-Hall
_c1969
300 _a170p
942 _cTB
_hX:8 K9
999 _c1250208
_d1250208